Daughter deficit : (Record no. 146735)

MARC details
000 -LEADER
fixed length control field 00610nam a22001817a 4500
010 ## - LCCN (DPL NO)
LC control number ENG-120884
020 ## - INTERNATIONAL STANDARD BOOK NUMBER
Terms of availability 595.00
International Standard Book Number 9788188965687
035 ## - SYSTEM CONTROL NUMBER
System control number EN-104416
037 ## - SOURCE OF ACQUISITION
Source of stock number/acquisition DBAD/PUB
082 ## - DEWEY DECIMAL CLASSIFICATION NUMBER
Classification number 613.94
100 ## - MAIN ENTRY--PERSONAL NAME
Personal name Sharda Srinivasan
245 ## - TITLE STATEMENT
Title Daughter deficit :
Remainder of title sex selection in Tamil Nadu /
Statement of responsibility, etc edited by Sharda Srinivasan
260 ## - PUBLICATION, DISTRIBUTION, ETC. (IMPRINT)
Place of publication, distribution, etc New Delhi
Name of publisher, distributor, etc Women Unlimited (an associate of kali for women)
Date of publication, distribution, etc 2016
270 ## - ADDRESS
Address 7/10 First Floor, Sarvapriya Vihar
City New Delhi
Postal code 110016
300 ## - PHYSICAL DESCRIPTION
Extent viii,293p.
Dimensions 22cm(Hb)
500 ## - GENERAL NOTE
General note Includes references
942 ## - ADDED ENTRY ELEMENTS (KOHA)
Source of classification or shelving scheme Dewey Decimal Classification
Item type English Books
Classification part 613.94
Call number suffix DAU
Holdings
Withdrawn status Lost status Not for loan Collection code Home library Current library Date acquired Source of acquisition Cost, normal purchase price Full call number Barcode Copy number Cost, replacement price Koha item type
    Not For Loan Non-fiction D.B.Act.Division Bawana 18/10/2017 DBAD/PUB 595.00 613.94 DAU EN-104416 1 595.00 English Books

© Delhi Public Library
Hit Counter
free hit counter